01888nas a2200241 4545000010006000000050017000060080037000230030015000600400040000750800162001152450012002770220014002892640070003033100026003735200999003991000053013987000025014516500022014766500016014986500015015146500013015298560104015422778120260407193507.0260407s1997####ag###########|||spa#dAR-UNSa-BCEJYS aAR-UNSa-BCEJYSbspacAR-UNSa-BCEJYS a3xCiencias sociales. Estadística. Política. Economía. Comercio. Derecho. Gobierno. Asuntos militares. Bienestar social. Seguros. Educación. Folclore10aInvenio a0329-3475 1aRosario :bUniversidad del Centro Educativo Latinoamericanoc1997 aFrecuencia: Semestral aUnas palabras acerca del titulo elegido para nuestra publicación. En latin, Invenio es un verbo transitivo de la cuarta conjugación ,que significa ENCONTRAR, HALLAR, CONSEGUIR, ADQUIRIR,INVENTAR,DESCUBRIR PREGUNTANDO, ENTERARSE DE ... Ya se ve que es una de esas palabras ricas en significados y connotaciones, y que quizá como ninguna otra , expresa todo eso que se pretende en la vida universitaria. Mediante esta publicación, la Universidad del Centro Educativo Latinoamericano hace su presentación en el mundo de la Academia. En las páginas de nuestra revista, docentes y alumnos van a expresar sus ideas sobre distintos aspectos del saber científico, filosófico y teológico. Podrá existir el disenso y será bueno que así ocurra, recordando que la ciencia se construye, en gran medida, a través de conjeturas y refutaciones. No se pretende, pues, una visión monolítica, sin fisuras, sino apreciaciones desde distintos ángulos y desde distintas experiencias. 1 aUniversidad del Centro Educativo Latinoamericano1 aPontón, Rogelio T. aCiencias sociales aFilosofía aTeología aECONOMIA41uhttps://biblioeco.unsa.edu.ar/pmb/images/revistas/Invenio-r13513.jpgyImagen de portadaqimage/jpeg